000 00547nam a2200193Ia 4500
005 20260120124634.0
008 008 260114s9999 xx 000 0 eng d
020 _a9780762310272
037 _aEBOOK
040 _aCRL
_beng
_cCRL
041 _aeng
_2eng
084 _qCRL
245 0 _aAdvances in Financial Economics
260 _bEmerald Publishing
_c2003
700 _aMark Hirschey
_9908694
856 _uhttps://www.emerald.com/insight/publication/doi/10.1016/S1569-3732(2003)8
942 _cEBOOK
999 _c1500598
_d1500598